Statistics for New South Wales (NSW) Cities by Picture

Click here to take the quiz!

General Stats

  • This quiz has been taken 18 times
  • The average score is 12 of 24

Answer Stats

Answer% Correct
Sydney
100%
Bathurst
89%
Coffs Harbour
83%
Katoomba
83%
Newcastle
83%
Thredbo
78%
Wollongong
72%
Dubbo
61%
Kiama
56%
Tamworth
56%
Parkes
50%
Byron Bay
44%
Tweed Heads
44%
Goulburn
39%
Wagga Wagga
39%
Ballina
33%
Broken Hill
33%
Gosford
28%
Lightning Ridge
28%
Maitland
28%
Bateman's Bay
22%
Lithgow
22%
Port Macquarie
17%
Armidale
11%

Score Distribution

Percentile by Number Answered

Percent of People with Each Score

Your Score History

You have not taken this quiz